00794nam a22002297a 4500999001700000005001700017008004100034017003000075020001500105040002300120082002200143100003000165245007300195250000900268260005400277300002500331490004800356650002500404651001000429942001200439952011300451 c64540d6454020240530110737.0180904s2008 le a g b 000 0 ara d bمصر. دار الكتب a9953753539 aEG-CaGPLcEG-CaGPL04221a224.2\bس ف0 aسيد رضوان على 01aفوائد فى مشكل القران /bسيد رضوان على  aط.1 aالقاهرة : bدار الشروق ،c2008 . a326 ص. ؛c24 سم. aروائع التراث الاسلامى 072qrmakaالقران  2qrmak 2ddccBK 00104070aCAIbCAIcMAIN-LIBRARYd2018-09-04l0o224.2\ س فp164977r2018-09-04 00:00:00w2018-09-04yBK